000 00353nam a2200157Ia 4500
003 OSt
005 20240327162247.0
008 170524s9999 xx 000 0 und d
020 _a978-0071086967
040 _ciimtu meerut
100 _aZEITHAML- VA
100 _c2005
245 0 _aSERVICE MARKETING
260 _aTATA MC GRAW HILL
942 _2ddc
_c02
999 _c2171
_d2171